00831cam a22002414a 4500001000500000005001700005020001500022040002300037050002200060082001100082100002900093245008600122260005500208300005800263505000800321520007800329521002000407521002000427650002700447650006000474650002000534700003500554303220240131142000.0 a0736904271 aDLCcDLCdDLCbeng00aBV4551.G46b 200000a248.821 aGeorge, Elizabethd1944-10aGod's wisdom for little girls /cElizabeth George ; paintings by Judy Luenebrink. aEugene, Oregon :bHarvest House Publishers ,c2000 a42 unnumbered pages : bcolor illustrations ;c21 cm. aK  aThe author interprets parts of the book of Proverbs for very young girls. a510 bLexile  aK bRaz-Plus  0aGirlsxReligious life. 0aChristian lifexBiblical teachingvJuvenile literature. 1aChristian life.1 aLuenebrink, Judyeillustrator